000
00300nam a2200121Ia 4500
008
220120s9999||||xx |||||||||||||| ||und||
082
_a
621.381 EFY
100
_a
EFY
245
0
_a
Electronics projects VOL -9
260
_a
EFY
_b
IBM learning services
300
_b
0
650
_a
PROGRAMMING LANGUAGE
999
_c
137056
_d
137056